000
00177nam a2200073Ia 4500
008
170524s9999 xx 000 0 und d
100
_a
PANDEY- DN
245
0
_a
MANAGERIAL ECONOMICS
260
_b
PEARSON EDUCATION
999
_c
7860
_d
7860